000 00554nam a2200193 i 4500
001 103797
003 ES-MaACL
005 20230906183439.0
007 t|
008 051118s1978 sp ||||1| spa d
100 1 _aMermall, Thomas.
_980584
245 1 3 _aLa retórica del humanismo
_b: la cultura española después de Ortega /
_cThomas Mermall.
260 _aMadrid :
_bTaurus,
_c1978.
300 _a145 p. ;
_c21 cm.
490 1 _aEnsayistas
830 0 _aEnsayistas
_9177257
852 _aES-MaACL
_jA-9101
_bR.98404
999 _c103797
_d103797